Introducción a la Economía: Macroeconomía
Uloženo v:
| Hlavní autoři: | , |
|---|---|
| Médium: | Kniha |
| Jazyk: | španělština |
| Vydáno: |
Barcelona
Reverte S. A
2007
|
| Vydání: | 1a. ed |
| Témata: | |
| Tagy: |
Přidat tag
Žádné tagy, Buďte první, kdo vytvoří štítek k tomuto záznamu!
|
MARC
| LEADER | 00000cam a2200000 a 4500 | ||
|---|---|---|---|
| 001 | UCD5024 | ||
| 003 | CL-VaPUC | ||
| 008 | 160807e20070000sp |||||||||||||||||spa|d | ||
| 020 | |a 9788429126327 | ||
| 082 | 0 | 4 | |a 330 |b KRU |2 21 |
| 100 | |a Krugman, Paul R |e autor |9 601879 | ||
| 700 | 0 | |a Wells, Robin |e author |9 588749 | |
| 245 | 1 | 0 | |a Introducción a la Economía: Macroeconomía |
| 250 | |a 1a. ed | ||
| 300 | |a 488 p | ||
| 942 | |c BK | ||
| 945 | |d 20160807 22:49:00 |a dcastane | ||
| 260 | |a Barcelona |b Reverte S. A |c 2007 | ||
| 650 | 0 | |a Economía |9 255568 | |
| 650 | 0 | |a Teoría económica |9 315055 | |
| 650 | 0 | |a Modelos económicos |9 324997 | |
| 650 | 7 | |a COMERCIO INTERNACIONAL |2 CL-VaPUC |9 588750 | |
| 650 | 0 | |a Macroeconomía |9 260301 | |
| 650 | 0 | |a Política monetaria |9 258279 | |
| 583 | |a last modification |c 20160807 22:49:00 |k Rodrigo Vera | ||
| 999 | |c 365791 |d 365789 | ||
| 952 | |0 0 |1 0 |3 erb |4 0 |6 330_000000000000000_KRU_2007 |7 0 |8 A |9 479746 |a BIBCUR |b BIBCUR |i 5335302 |l 2 |o 330 KRU 2007 |p 5335302 |r 2025-04-22 |s 2024-11-13 |w 2019-11-24 |y BK |z Catalogado en:20160807 |k PER | ||